000 00946nam a2200217Ia 4500
999 _c37684
_d37684
003 OSt
005 20210415111428.0
008 160316s2000 xxu||||| |||| 00| 0 eng d
020 _a9780871088666
040 _cn
082 _a344.046000
_bGRA-2
100 _aGraham Kevin
245 _aEnvironmental heroes : Success stories of people at work for the earth
260 _aNew Delhi
_bMacmillan India Ltd.
_c2000
300 _a244p
_cix
365 _b Gratis
505 _aSummary: A book showcasing the successes of ordinary people whose simple, practical efforts have minimized the impact of modern life on the environment. Focusing on environmental opportunities and new solutions to old problems, Environmental Heroes demonstrates that anyone can make a positive difference for the fate of our planet.
650 _a1. Environmental Protection - Handbook2. Environmentalism - Handbook
700 _aChandler Gary
_a
942 _2ddc
_cBK